Statistiques concernant La deuxième petite étoile - Peter Pan [Paroles entières]

Cliquez ici pour prendre le quiz!

Statistiques générales

  • Ce quiz a été pris 36 fois
  • Le résultat moyen est 49 sur 76

Statistiques - réponses

XParoles% Correct
ce
93%
de
93%
Et
93%
un
93%
Ce
93%
étoile
93%
A
89%
deuxième
89%
la
85%
cette
85%
C'est
85%
au
81%
droite
81%
le
81%
du
81%
sa
81%
ciel
78%
Qui
78%
| StropheSi
78%
tu
70%
dans
70%
Dans
70%
rêves
67%
tes
67%
bien
63%
StropheRegarde
63%
petite
63%
fond
63%
Quand
63%
soir
59%
lumière
56%
Ils
56%
beaux
56%
signal
52%
sont
52%
nuit
52%
y
52%
ou
52%
l'océan
48%
se
48%
Brille
48%
t'envoie
48%
font
48%
pays
44%
ton
41%
imaginaire
41%
escale
37%
éternels
37%
diamant
33%
Etincelle
30%
l'univers
30%
firmament
30%
milieu
30%
coeur
30%
cherches
22%
soleil
22%
voile
19%
StropheSaphir
19%
parait
0%

Distribution des résultats

Percentile par nombre de réponses

% des personnes avec chaque résultat

Votre développement - résultats

Vous n’avez pas pris ce quiz